-
Husain, Ashfaq and ashfaq, Ataroon
Entry Personal Name
Number of records used in: 1
001 - CONTROL NUMBER
003 - CONTROL NUMBER IDENTIFIER
005 - DATE AND TIME OF LATEST TRANSACTION
- control field:
20160623162330.0
008 - FIXED-LENGTH DATA ELEMENTS
- fixed length control field:
160623|| aca||aabn | a|a d
040 ## - CATALOGING SOURCE
- Original cataloging agency:
OSt
- Transcribing agency:
OSt
100 ## - HEADING--PERSONAL NAME
- Personal name:
Husain, Ashfaq and ashfaq, Ataroon
670 ## - SOURCE DATA FOUND
- Source citation:
Work cat.: (OSt): Husain, Ashfaq and ashfaq, Ataroon, Fundamentals of Electrical Engineering